<?xml version="1.0" encoding="UTF-8"?><marc:collection xmlns:marc="http://www.loc.gov/MARC21/slim">
  <marc:record>
    <marc:leader>00000nam  22000008a 4500</marc:leader>
    <marc:controlfield tag="001">9.803701</marc:controlfield>
    <marc:controlfield tag="003">CaOODSP</marc:controlfield>
    <marc:controlfield tag="005">20221107135252</marc:controlfield>
    <marc:controlfield tag="007">cr |||||||||||</marc:controlfield>
    <marc:controlfield tag="008">170210s2015    xxcb|||#o    f|0| 0 fre d</marc:controlfield>
    <marc:datafield tag="040" ind1=" " ind2=" ">
      <marc:subfield code="a">CaOODSP</marc:subfield>
      <marc:subfield code="b">fre</marc:subfield>
    </marc:datafield>
    <marc:datafield tag="043" ind1=" " ind2=" ">
      <marc:subfield code="a">n-cn---</marc:subfield>
    </marc:datafield>
    <marc:datafield tag="086" ind1="1" ind2=" ">
      <marc:subfield code="a">En4-83/2-2016F-PDF</marc:subfield>
    </marc:datafield>
    <marc:datafield tag="245" ind1="0" ind2="0">
      <marc:subfield code="a">CANUSPLAIN - Annexe II du plan d'urgence bilatéral Canada-États-Unis en cas de pollution dans la zone frontalière intérieure </marc:subfield>
      <marc:subfield code="h">[ressource électronique] : </marc:subfield>
      <marc:subfield code="b">plan d’intervention en cas d’événement de pollution le long de la frontière intérieure entre l’Alberta, la Saskatchewan et le Manitoba (Canada) et les États du Minnesota, du Montana et du Dakota du Nord (États Unis d’Amérique) / </marc:subfield>
      <marc:subfield code="c">Environnement Canada – Région de Prairie et Nord, Environmental Protection Agency – régions 5 et 8.</marc:subfield>
    </marc:datafield>
    <marc:datafield tag="260" ind1=" " ind2=" ">
      <marc:subfield code="a">Gatineau, Québec : </marc:subfield>
      <marc:subfield code="b">Environnement Canada, </marc:subfield>
      <marc:subfield code="c">2015.</marc:subfield>
    </marc:datafield>
    <marc:datafield tag="300" ind1=" " ind2=" ">
      <marc:subfield code="a">38 p. : </marc:subfield>
      <marc:subfield code="b">cartes.</marc:subfield>
    </marc:datafield>
    <marc:datafield tag="500" ind1=" " ind2=" ">
      <marc:subfield code="a">Publié aussi en anglais sous le titre : CANUSPLAIN - Annex II to the Canada-United States Joint Inland Pollution Contingency Plan.</marc:subfield>
    </marc:datafield>
    <marc:datafield tag="520" ind1=" " ind2=" ">
      <marc:subfield code="a">« Le Plan d’urgence bilatéral Canada–États-Unis en cas de pollution dans la zone frontalière intérieure (le « Plan sur la zone frontalière intérieure »), signé à l’origine par le ministre de l’Environnement du gouvernement canadien et par l’administrateur de l’Environmental Protection Agency (EPA) des É.-U. en juillet 1994, puis revu et promulgué en octobre 2009, prévoit des mesures conjointes d’intervention en cas de rejet d’un contaminant, le long de la frontière intérieure, d’une importance telle qu’il cause ou risque de causer des dommages à l’environnement ou constitue une menace pour la sécurité, la santé, le bien-être de la population ou pour les biens »--Lettre de promulgation.</marc:subfield>
    </marc:datafield>
    <marc:datafield tag="692" ind1="0" ind2="7">
      <marc:subfield code="2">gccst</marc:subfield>
      <marc:subfield code="a">Pollution</marc:subfield>
    </marc:datafield>
    <marc:datafield tag="710" ind1="1" ind2=" ">
      <marc:subfield code="a">Canada. </marc:subfield>
      <marc:subfield code="b">Environnement Canada.</marc:subfield>
    </marc:datafield>
    <marc:datafield tag="710" ind1="1" ind2=" ">
      <marc:subfield code="a">United States. </marc:subfield>
      <marc:subfield code="b">Environmental Protection Agency.</marc:subfield>
    </marc:datafield>
    <marc:datafield tag="775" ind1="0" ind2="8">
      <marc:subfield code="t">CANUSPLAIN - Annex II to the Canada-United States Joint Inland Pollution Contingency Plan </marc:subfield>
      <marc:subfield code="w">(CaOODSP)9.803700</marc:subfield>
    </marc:datafield>
    <marc:datafield tag="856" ind1="4" ind2="0">
      <marc:subfield code="q">PDF</marc:subfield>
      <marc:subfield code="s">5.68 Mo</marc:subfield>
      <marc:subfield code="u">https://publications.gc.ca/collections/collection_2017/eccc/En4-83-2-2016-fra.pdf</marc:subfield>
    </marc:datafield>
  </marc:record>
</marc:collection>
